Premier League 2022/23 Players by Name - D - Statistics

General Stats
  • This quiz has been taken 49 times
  • The average score is 19 of 30
Answer Stats
Club Nation Position Player % Correct
Tottenham Hotspur Wales DF Ben Davies
100%
Everton England MF Tom Davies
100%
Liverpool Colombia FW Luis Diaz
97%
Manchester City Portugal DF Ruben Dias
97%
Manchester United Spain GK David De Gea
94%
Manchester United Portugal DF Diogo Dalot
94%
Manchester City Belgium MF Kevin De Bruyne
94%
Newcastle United Slovakia GK Martin Dubravka
87%
Tottenham Hotspur England DF Eric Dier
84%
Leicester City Zambia FW Patson Daka
84%
Brighton & Hove Albion England DF Lewis Dunk
65%
Aston Villa Belgium MF Leander Dendoncker
61%
Aston Villa France DF Lucas Digne
58%
Brentford Denmark MF Mikkel Damsgaard
58%
Leeds United Northern Ireland MF Stuart Dallas
58%
Tottenham Hotspur Netherlands FW Arnaut Danjuma
52%
Nottingham Forest Brazil MF Danilo
52%
Newcastle United Wales DF Paul Dummett
52%
Crystal Palace Mali MF Cheick Doucoure
48%
Wolves England DF Craig Dawson
48%
Fulham France DF Issa Diop
48%
Fulham Jamaica DF Bobby Decordova-Reid
45%
Nottingham Forest Nigeria FW Emmanuel Dennis
45%
Leicester City England MF Kiernan Dewsbury-Hall
42%
Fulham Ireland DF Shane Duffy
42%
Brentford England MF Josh Dasilva
39%
Southampton Mali MF Moussa Djenepo
39%
Southampton France MF Ibrahima Diallo
35%
Aston Villa Colombia FW Jhon Duran
35%
West Ham United England MF Flynn Downes
26%
No matching quizzes found
Score Distribution
Percent of People with Each Score
Percentile by Number Answered
Your Score History
You have not taken this quiz